[Event "Heusenstamm Sparkassen op-A 2nd"]
[Site "Heusenstamm"]
[Date "2015.11.26"]
[Round "1"]
[White "Foskanjan, Serschik"]
[Black "Solonar, Stefan"]
[Result "0-1"]
[WhiteElo "1911"]
[BlackElo "2341"]
[PlyCount "70"]
[EventDate "2015.11.26"]
[EventType "swiss"]
[EventRounds "7"]
[EventCountry "GER"]
[SourceTitle "CBM 169 Extra"]
[Source "ChessBase"]
[SourceDate "2015.12.18"]
[SourceVersion "1"]
[SourceVersionDate "2015.12.18"]
[SourceQuality "1"]

1. e4 c5 2. f4 d5 3. exd5 Qxd5 4. Nc3 Qd8 5. Nf3 Nc6 6. Be2 g6 7. 0-0 Bg7 8. Ne4 Nh6 9. c3 Qd5 10. d3 b6 11. Qc2 Bb7 12. Ng3 0-0 13. Qb3 Qd7 14. Ne1 Rad8 15. Bf3 e6 16. Be3 Na5 17. Qc2 Bxf3 18. Rxf3 Ng4 19. Rd1 Nc6 20. Bc1 Qe7 21. Ne2 Qh4 22. h3 Nf6 23. Qa4 Rd6 24. d4 cxd4 25. Rfd3 Ne4 26. Nxd4 Qf2+ 27. Kh2 Nc5 28. Qa3 Bxd4 29. cxd4 Nxd3 30. Qxd6 Nxc1 31. Nf3 Qc2 32. Rd2 Qc4 33. b3 Qc3 34. Qa3 Nd3 35. Qd6 Ne1 0-1

[Event "Heusenstamm Schloss op 1st"]
[Site "Heusenstamm"]
[Date "2014.11.22"]
[Round "4"]
[White "Foskanjan, Serschik"]
[Black "Werner, Dimo"]
[Result "0-1"]
[WhiteElo "1888"]
[BlackElo "2083"]
[PlyCount "80"]
[EventDate "2014.11.20"]
[EventType "swiss"]
[EventRounds "7"]
[EventCountry "GER"]
[SourceTitle "CBM 163 Extra"]
[Source "ChessBase"]
[SourceDate "2014.12.23"]
[SourceVersion "1"]
[SourceVersionDate "2014.12.23"]
[SourceQuality "1"]

1. e4 d5 2. exd5 Qxd5 3. Nc3 Qd8 4. Nf3 Nf6 5. d4 g6 6. Be2 Bg7 7. 0-0 0-0 8. Re1 c6 9. Bg5 Nbd7 10. Rc1 Nb6 11. h3 Nbd5 12. Nxd5 cxd5 13. c4 Ne4 14. Be3 dxc4 15. Bxc4 Nd6 16. b3 e6 17. Rc2 b5 18. Be2 Bb7 19. Qd3 Be4 20. Qd2 Bxc2 21. Qxc2 Rc8 22. Qd2 a6 23. Rd1 Nf5 24. Bf4 Ne7 25. Bh6 Nd5 26. Bxg7 Kxg7 27. Ne5 h5 28. Bf3 Qe7 29. Qa5 Qc7 30. Qd2 Qc2 31. Qa5 Qc7 32. Qd2 Qc2 33. Qa5 Nc3 34. Rf1 Qxa2 35. Qb4 Qd2 36. Qe7 Qxd4 37. Qg5 Nd5 38. g3 Nf6 39. Rd1 Qb2 40. g4 Rc5 0-1

[Event "Rheinland Pfalz op 6th"]
[Site "Gau Algesheim"]
[Date "2014.06.20"]
[Round "3"]
[White "Haag, Martin"]
[Black "Foskanjan, Serschik"]
[Result "1-0"]
[WhiteElo "2304"]
[BlackElo "1879"]
[PlyCount "43"]
[EventDate "2014.06.19"]
[EventType "swiss"]
[EventRounds "7"]
[EventCountry "GER"]
[SourceTitle "CBM 161 Extra"]
[Source "ChessBase"]
[SourceDate "2014.08.29"]
[SourceVersion "1"]
[SourceVersionDate "2014.08.29"]
[SourceQuality "1"]

1. c4 c5 2. g3 Nc6 3. Bg2 Nf6 4. Nf3 e6 5. 0-0 d5 6. cxd5 exd5 7. d4 Bf5 8. Nc3 c4 9. Ne5 Ne4 10. Qa4 Nxc3 11. bxc3 Be6 12. e4 Bd7 13. Nxd7 Qxd7 14. exd5 Ne7 15. Qxc4 Rc8 16. Qb3 Ng6 17. Re1+ Be7 18. d6 Qxd6 19. Bxb7 Rc7 20. Be4 Qd7 21. Bxg6 hxg6 22. Ba3 1-0

[Event "Rheinland Pfalz op 6th"]
[Site "Gau Algesheim"]
[Date "2014.06.19"]
[Round "2"]
[White "Foskanjan, Serschik"]
[Black "Mueller, Lutz"]
[Result "1-0"]
[WhiteElo "1879"]
[BlackElo "2089"]
[PlyCount "129"]
[EventDate "2014.06.19"]
[EventType "swiss"]
[EventRounds "7"]
[EventCountry "GER"]
[SourceTitle "CBM 161 Extra"]
[Source "ChessBase"]
[SourceDate "2014.08.29"]
[SourceVersion "1"]
[SourceVersionDate "2014.08.29"]
[SourceQuality "1"]

1. e4 c5 2. f4 Nc6 3. Nf3 g6 4. Bc4 Bg7 5. 0-0 d6 6. Ng5 e6 7. c3 d5 8. Be2 h6 9. exd5 exd5 10. Nf3 Nf6 11. d4 Qb6 12. Qb3 0-0 13. Nbd2 Re8 14. Qxb6 axb6 15. Bb5 Bf5 16. Ne5 Rec8 17. Ndf3 Be4 18. Be3 Ra5 19. a4 Bf8 20. Rac1 c4 21. Bd2 Raa8 22. Rfe1 Na5 23. Re2 Nb3 24. Rce1 Bd6 25. h3 Rc7 26. Kf2 Kg7 27. g4 Bxf3 28. Kxf3 Bxe5 29. fxe5 Ne8 30. Bf4 g5 31. Bg3 Re7 32. e6 f6 33. Bxe8 Rexe8 34. Bc7 Rxa4 35. e7 b5 36. Re6 Ra6 37. Rd6 Rxd6 38. Bxd6 Kf7 39. Ke2 Ra8 40. Rf1 Re8 41. Be5 Rxe7 42. Rxf6+ Ke8 43. Rxh6 Nc1+ 44. Kd2 Nd3 45. Bf6 Re1 46. Bxg5 Rh1 47. Re6+ Kd7 48. Re7+ Kc6 49. h4 Rg1 50. Re6+ Kd7 51. Rb6 Kc7 52. Rg6 Kd7 53. h5 Rxg4 54. h6 Rg2+ 55. Ke3 Rh2 56. Kf3 Ke8 57. Kg4 Rg2+ 58. Kf5 Rf2+ 59. Ke6 Re2+ 60. Kxd5 Kf7 61. Rg7+ Kf8 62. Be7+ Rxe7 63. Rxe7 Kxe7 64. h7 Nf4+ 65. Kc5 1-0

[Event "Rheinhessen-ch HT1"]
[Site "Mainz"]
[Date "2009.04.04"]
[Round "1"]
[White "Wissemann, Andreas"]
[Black "Foskanjan, Serschik"]
[Result "0-1"]
[WhiteElo "2088"]
[BlackElo "1875"]
[PlyCount "126"]
[EventDate "2009.04.04"]
[EventType "swiss"]
[EventRounds "7"]
[EventCountry "GER"]
[SourceTitle "EXT 2011"]
[Source "ChessBase"]
[SourceDate "2010.11.26"]
[SourceVersion "1"]
[SourceVersionDate "2010.11.26"]
[SourceQuality "1"]

1. d4 Nf6 2. c4 e6 3. Nf3 b6 4. g3 Ba6 5. b3 c5 6. Bg2 Bb7 7. 0-0 Nc6 8. d5 Na5 9. Nc3 exd5 10. cxd5 d6 11. e4 Be7 12. Re1 0-0 13. Nh4 Bc8 14. e5 Ne8 15. Qh5 Bxh4 16. gxh4 dxe5 17. Rxe5 Nd6 18. Re1 Qf6 19. Bb2 Qf5 20. Qe2 Bd7 21. Qe7 Nab7 22. Ne4 Nxe4 23. Qxe4 Qxe4 24. Rxe4 Rad8 25. Re7 Rfe8 26. Rae1 Rxe7 27. Rxe7 Kf8 28. Re1 Nd6 29. h5 Re8 30. Be5 Nc8 31. h6 f6 32. hxg7+ Kxg7 33. Bc3 Rxe1+ 34. Bxe1 Bf5 35. Kf1 Kf7 36. Ke2 Nd6 37. f3 Bb1 38. a3 Ba2 39. Bh3 Bxb3 40. Be6+ Ke7 41. Kd3 Nb5 42. Bg3 c4+ 43. Kd2 Nxa3 44. Bg8 Nb5 45. Bxh7 a5 46. Bf2 c3+ 47. Kc1 a4 48. Bxb6 Kd6 49. Ba5 Kxd5 50. h4 Kd4 51. Bb6+ Kc4 52. h5 a3 53. Bg8+ Kb4 54. Bc5+ Ka4 55. Bxb3+ Kxb3 56. Bxa3 Kxa3 57. Kc2 Kb4 58. h6 Nd6 59. h7 Nf7 60. f4 Kc4 61. f5 Kd4 62. Kc1 Ke5 63. Kc2 Kxf5 0-1